| 000 | 00483nam a2200157 a 4500 | ||
|---|---|---|---|
| 001 | 000034824 | ||
| 005 | 20200930073927.0 | ||
| 008 | 111020s1927 fr 000 0 spa d | ||
| 040 |
_aDO-SdBNP _bspa _cBNPHU |
||
| 082 | _axxxx | ||
| 100 | 1 |
_aMauriac, Francois _960345 |
|
| 245 | 1 | 0 |
_aTherese Desqueyroux / _cFrancois Mauriac. |
| 260 |
_aParis : _bBernard Grasset, _c1927. |
||
| 300 |
_a184 p. ; _c16 cm. |
||
| 590 | _aPerteneció a la biblioteca personal de Juan Isidro Jimenes Grullón. | ||
| 999 |
_c34315 _d34315 |
||